01143nac a22003137a 4500001001000000003000900010005001700019008003400036040005400070072000800124090001900132110008100151245007900232260003600311300001100347490009300358650001300451650002100464650001800485650002000503650002100523650002400544650001300568650001900581909004700600942001700647999001900664952014600683BR7907432BR-BrBNA20240105114537.0230509b bl.|||m| |||| 00| 0 por d aBR-BrBNAbporcBiblioteca Nacional de Agricultura aF00 a1540 BR79074321 aServico Nacional de Formacao Profissional Rural, Brasilia, DF (Brasil)993711 aProdutor de mandioca [pratica cultural, cultivo do solo, maquina agricola]3 aBrasilia, DF (Brasil): c1979.  a420 p. aColecao Basica Rural - Servico Nacional de Formacao Profissional Rural (Brazil)vno. 5x aMANDIOCA aPRATICA CULTURAL aARMAZENAMENTO aCULTIVO DO SOLO aMAQUINA AGRICOLA aIMPLEMENTO AGRICOLA aADUBACAO aDEFESA VEGETAL a202312bLúcia Elandec55dLúcia Elande 2AGRISn0cMS c269944d269944 002AGRIS40708Acervo Gerala41918b41918cAGROBASEl0o1540 BR7907432p1540 BR7907432r2023-12-18yMSePortaria Interministerial nº 164/94